| 000 | 00374nam a22001577a 4500 | ||
|---|---|---|---|
| 005 | 20251108170634.0 | ||
| 008 | 250721s1967 xx 000 0 eng d | ||
| 082 | 1 | 4 | _af/els |
| 100 | 1 | _aelsna, hebe | |
| 245 | 1 | 4 | _athe wise virgin / |
| 264 | 1 |
_alondon : _bromance book club, _c1967. |
|
| 300 | _a192p. | ||
| 650 | 1 | 7 | _aenglish fiction |
| 942 |
_2ddc _cBK |
||
| 999 |
_c45443 _d45443 |
||